|
|
|
|
| LEADER |
01892nam a2200433 i 4500 |
| 001 |
EBC1640405 |
| 003 |
MiAaPQ |
| 005 |
20200520144314.0 |
| 006 |
m o d | |
| 007 |
cr cnu|||||||| |
| 008 |
140419t20142014gw a ob 000 0 eng d |
| 020 |
|
|
|z 9783954891245
|
| 020 |
|
|
|a 9783954896240
|q (electronic bk.)
|
| 035 |
|
|
|a (MiAaPQ)EBC1640405
|
| 035 |
|
|
|a (Au-PeEL)EBL1640405
|
| 035 |
|
|
|a (CaPaEBR)ebr10856534
|
| 035 |
|
|
|a (OCoLC)871780125
|
| 040 |
|
|
|a MiAaPQ
|b eng
|e rda
|e pn
|c MiAaPQ
|d MiAaPQ
|
| 043 |
|
|
|a e-it---
|
| 050 |
|
4 |
|a HJ8675
|b .M58 2014
|
| 082 |
0 |
|
|a 336.340945
|2 23
|
| 100 |
1 |
|
|a Mittestainer, Alberto,
|e author.
|
| 245 |
1 |
0 |
|a Italy between the eu and berlusconi :
|b effects of external and internal factors on the Italian public debt /
|c Alberto Mittestainer.
|
| 264 |
|
1 |
|a Hamburg, Germany :
|b Anchor Academic Publishing,
|c 2014.
|
| 264 |
|
4 |
|c 2014
|
| 300 |
|
|
|a 1 online resource (60 pages) :
|b illustrations, tables.
|
| 336 |
|
|
|a text
|2 rdacontent
|
| 337 |
|
|
|a computer
|2 rdamedia
|
| 338 |
|
|
|a online resource
|2 rdacarrier
|
| 490 |
1 |
|
|a Compact
|
| 504 |
|
|
|a Includes bibliographical references.
|
| 588 |
|
|
|a Description based on online resource; title from PDF title page (ebrary, viewed April 19, 2014).
|
| 590 |
|
|
|a Electronic reproduction. Ann Arbor, MI : ProQuest, 2015. Available via World Wide Web. Access may be limited to ProQuest affiliated libraries.
|
| 650 |
|
0 |
|a Debts, Public
|z Italy
|v Congresses.
|
| 655 |
|
4 |
|a Electronic books.
|
| 776 |
0 |
8 |
|i Print version:
|a Mittestainer, Alberto.
|t Italy between the eu and berlusconi : effects of external and internal factors on the Italian public debt.
|d Hamburg, Germany : Anchor Academic Publishing, c2014
|h 61 pages
|k Compact.
|z 9783954891245
|
| 797 |
2 |
|
|a ProQuest (Firm)
|
| 830 |
|
0 |
|a Compact.
|
| 856 |
4 |
0 |
|u https://ebookcentral.proquest.com/lib/matrademy/detail.action?docID=1640405
|z Click to View
|